| 000 | 01100nam a2200301 a 4500 | ||
|---|---|---|---|
| 001 | 25293 | ||
| 003 | CO-ViMGA | ||
| 005 | 20230915232051.0 | ||
| 008 | 141112s2004 ck r 000 u spa d | ||
| 020 | _a9786077854616 | ||
| 040 |
_aCO-ViMGA _bspa _cCO-ViMGA |
||
| 041 | _aspa | ||
| 082 | 0 | 4 | _a371.334 S16c |
| 100 | 1 |
_aSánchez González, Lízbeth. _938553 |
|
| 245 | 1 | 0 |
_aCiberKids : _bTIC's por competencias / _cLízbeth Sánchez González, Rafael Andrade Esparza, Juan Olivares García |
| 260 |
_aMéxico : _bAlfaomega, _c2010. |
||
| 300 | _a6 vols. + CD | ||
| 490 | _aCiberKids | ||
| 490 | _aEducación. Pedagogía y Didáctica | ||
| 504 | _aIncluye bibliografía. | ||
| 650 | 1 | 4 |
_aInformática - Enseñanza _925359 |
| 650 | 1 | 4 |
_aTecnologías de la Información y la comunicación TIC _938554 |
| 700 | 1 |
_aAndrade Esparza, Rafael. _938555 |
|
| 700 | 1 |
_aOlivares García, Juan _938556 |
|
| 942 |
_2ddc _cBK |
||
| 949 | _an n | ||
| 999 |
_c10538 _d10538 |
||